02422cam a22004094a 45000010009000000050017000090080041000260100017000670150019000840160020001030160018001230200031001410350039001720350024002110400057002350420008002920500023003000600015003230600023003380820017003611000029003782450085004072600063004923000052005555040051006075050444006585050508011026500028016106500028016386500031016666500027016978560083017249060045018079420035018529990017018879520108019041532193620230731145415.0080605s2009 njua b 001 0 eng  a 2008025189 aGBA8824932bnb7 a1014758392DNLM7 a0146561832Uk a9780131722101 (alk. paper) a(OCoLC)231787184z(OCoLC)233262949 a(OCoLC)ocn231787184 aDNLM/DLCcDLCdNLMdBAKERdC#PdYDXCPdCDXdUKMdDLC apcc00aRT 120 .I5P47 200900a2008 K-62010aWY 154bP458u 200900a616.02/82221 aPerrin, Kathleen Ouimet.10aUnderstanding the essentials of critical care nursing /cKathleen Ouimet Perrin. aUpper Saddle River, N.J. :bPearson Prentice Hall,cc2009. axxviii, 543 p. :bill. (chiefly col.) ;c28 cm. aIncludes bibliographical references and index.0 aWhat is critical care? -- Care of the critically ill patient -- Care of the patient with respiratory failure -- Interpretation and management of basic dysrhythmias -- Cardiodynamics and hemodynamics regulation -- Care of the patient experiencing shock or heart failure -- Care of the patient with acute coronary syndrome -- Care of the patient following a traumatic injury -- Care of the patient experiencing an intracranial dysfunction --0 aCare of the patient with a cerebral or cerebrovascular disorder -- Care of the critically ill patient experiencing alcohol withdrawal and/or liver failure -- Care of the patient with an acute gastrointestinal bleed or pancreatitis -- Care of the patient with endocrine disorders -- Care of the patient with acute renal failure -- Care of the organ donor and transplant recipient -- Care of the acutely ill burn patient -- Care of the patient with sepsis -- Caring for the ICU patient at the end of life. 0aIntensive care nursing.12aCritical Carexmethods.22aCritical Illnessxnursing.22aNursing Carexmethods.413Table of contents onlyuhttp://www.loc.gov/catdir/toc/ecip0820/2008025189.html a7bcbccorignewd1eecipf20gy-gencatlg 2lcccBOOKShRT 120 .I5P47 2009 c31808d31808 00102lcc4070aMUCbMUCcGENd2023-07-31l0oRT 120 .I5P47 2009p39587r2023-07-31w2023-07-31yBOOKS